Lücken füllen - Buchtitel #2 - Statistiken

Allgemein
  • Dieses Quiz wurde 387 mal gespielt
  • Das Durchschnittsergebnis liegt bei 12 aus 24
Antwortstatistiken
Buch % Korrekt
{Sherlock} Holmes
98%
Die unendliche {Geschichte}
84%
Per {Anhalter} durch die Galaxis
75%
{Krieg} und Frieden
74%
Die Abenteuer des {Huckleberry} Finn
71%
Die {Leiden} des jungen Werthers
65%
Die Vermessung der {Welt}
62%
Farm der {Tiere}
62%
{Nathan} der Weise
62%
Kabale und {Liebe}
61%
{Herr} der Fliegen
57%
Der {Besuch} der alten Dame
56%
Schuld und {Sühne}
55%
Der {Name} der Rose
52%
{Doktor} Schiwago
51%
Auf der Suche nach der {verlorenen} Zeit
50%
Homo {Faber} - Ein Bericht
47%
{Jane} Eyre. Eine Autobiographie
35%
{Jenseits} von Eden
34%
{Anne} auf Green Gables
26%
Warten auf {Godot}
25%
Hundert Jahre {Einsamkeit}
17%
Professor {Unrat} oder Das Ende eines Tyrannen
7%
Naokos {Lächeln}
5%
Keine übereinstimmenden Quizze gefunden
Verteilung der Resultate
Anzahl Personen mit jedem Resultat
Perzentil nach korrekt beantworteten Fragen
Ihre Resultats-Entwicklung
Sie haben dieses Quiz noch nicht gespielt